[Event "Aeroflot Open 2015"]
[Site "Moscú RUS"]
[Date "2015.04.02"]
[Round "7.28"]
[White "Asgarizadeh, Ahmad"]
[Black "Oparin, Grigoriy"]
[Result "1/2-1/2"]
[WhiteElo "2412"]
[BlackElo "2562"]
[PlyCount "70"]
[EventDate "2015.03.27"]
[EventType "swiss"]
[EventRounds "9"]
[EventCountry "RUS"]
[Source "lmi"]
[SourceDate "2015.03.27"]

1. e4 c5 2. Nf3 d6 3. d4 cxd4 4. Nxd4 Nf6 5. Nc3 a6 6. Be3 e5 7. Nf3 Qc7 8. a4
Be6 9. a5 Qc6 10. Ng5 d5 11. exd5 Bxd5 12. Nxd5 Nxd5 13. Bd2 h6 14. Nf3 Bd6 15.
c3 O-O 16. Qa4 Re8 17. Bc4 b5 18. Bxd5 Qxd5 19. Qg4 Qe6 20. Qxe6 Rxe6 21. Be3
Nd7 22. O-O-O Rc8 23. Kb1 Nf6 24. Bb6 Rc6 25. Rhe1 Nd7 26. Be3 Nf6 27. Bb6 Nd7
28. Be3 f5 29. g3 Kf7 30. h4 Nf6 31. Bb6 g6 32. Re2 Ne4 33. Nd2 Nf6 34. Nf3 Ne4
35. Nd2 Nf6 1/2-1/2

[Event "Aeroflot Open 2015"]
[Site "Moscú RUS"]
[Date "2015.04.02"]
[Round "7.29"]
[White "Kuderinov, Kirill"]
[Black "Stupak, Kirill"]
[Result "1/2-1/2"]
[WhiteElo "2465"]
[BlackElo "2567"]
[PlyCount "102"]
[EventDate "2015.03.27"]
[EventType "swiss"]
[EventRounds "9"]
[EventCountry "RUS"]
[Source "lmi"]
[SourceDate "2015.03.27"]

1. e4 e6 2. d4 d5 3. Nc3 Bb4 4. e5 Qd7 5. a3 Bf8 6. Nf3 b6 7. Bb5 c6 8. Ba4 Ba6
9. Ne2 Bb5 10. Bxb5 cxb5 11. O-O Ne7 12. Ng3 a5 13. Qd3 Nbc6 14. Be3 b4 15.
axb4 Nxb4 16. Qd1 g6 17. c3 Nbc6 18. Qd2 h6 19. h4 b5 20. Nh2 h5 21. Nf3 a4 22.
Bg5 Na5 23. Qc2 Nc8 24. Bf6 Rg8 25. Ng5 Bh6 26. Ne2 Nb6 27. Nf4 Bxg5 28. Bxg5
Qc6 29. Qe2 Qc4 30. Qf3 Nb3 31. Rad1 Ra7 32. Nd3 Nd7 33. Rfe1 Nf8 34. Nb4 Nh7
35. Bh6 Kd8 36. Nc2 Kc8 37. Na3 Qc6 38. Nb1 Kb8 39. Nd2 Na5 40. Qd3 Nf8 41.
Bxf8 Rxf8 42. Ra1 Rc8 43. Ra2 Nc4 44. Rea1 Rcc7 45. Nxc4 Qxc4 46. Qxc4 Rxc4 47.
Kf1 b4 48. Ke2 a3 49. Rb1 b3 50. bxa3 Rxc3 51. Rab2 Rxa3 1/2-1/2

[Event "Aeroflot Open 2015"]
[Site "Moscú RUS"]
[Date "2015.04.02"]
[Round "7.30"]
[White "Tran, Tuan Minh"]
[Black "Predke, Alexandr"]
[Result "1/2-1/2"]
[WhiteElo "2455"]
[BlackElo "2530"]
[PlyCount "162"]
[EventDate "2015.03.27"]
[EventType "swiss"]
[EventRounds "9"]
[EventCountry "RUS"]
[Source "lmi"]
[SourceDate "2015.03.27"]

1. d4 Nf6 2. c4 e6 3. Nf3 d5 4. Nc3 Bb4 5. cxd5 exd5 6. Bg5 h6 7. Bh4 c5 8. e3
c4 9. Be2 g5 10. Bg3 Nc6 11. Be5 Bf5 12. O-O Bxc3 13. bxc3 O-O 14. Bxf6 Qxf6
15. Nd2 b5 16. Bf3 Rad8 17. e4 dxe4 18. Nxe4 Qg6 19. Bh5 Qg7 20. Qf3 Ne7 21.
Rfe1 Be6 22. Nf6+ Kh8 23. Bg4 Nd5 24. Nxd5 Bxd5 25. Qh3 Qf6 26. a4 a6 27. axb5
axb5 28. Re5 Kg7 29. Qe3 Bc6 30. h3 Bd5 31. Rf1 Qd6 32. Rb1 Rb8 33. Re7 Rfd8
34. Rb4 Kf8 35. Qe5 Qxe5 36. Rxe5 f6 37. Re1 Rb7 38. Ra1 Rd6 39. Rab1 Bc6 40.
Ra1 Ke7 41. Kf1 Kd8 42. f3 Kc7 43. Kf2 Kb6 44. Rb2 Ra7 45. Rxa7 Kxa7 46. Bf5 h5
47. g4 hxg4 48. hxg4 Kb6 49. Be4 Rd8 50. Ke3 Rh8 51. d5 Bd7 52. Kd4 Rh1 53. Rb1
Rh2 54. Rd1 Bc8 55. Re1 Bb7 56. Rf1 Rd2+ 57. Ke3 Rh2 58. Kd4 Rd2+ 59. Ke3 Rh2
60. Rd1 Bc8 61. Kd4 Bb7 62. d6 Bc8 63. Kd5 Re2 64. Kd4 Be6 65. Ba8 Bd7 66. Be4
Bc8 67. Bd5 Be6 68. Be4 Bd7 69. Bd5 Ra2 70. Be4 Bc6 71. Bf5 Bxf3 72. d7 Kc7 73.
Re1 Bc6 74. Kc5 Bxd7 75. Re7 Rd2 76. Rf7 Kd8 77. Rxf6 Ke7 78. Rg6 Bxf5 79. gxf5
Rc2 80. Kb4 Rb2+ 81. Kc5 b4 1/2-1/2

[Event "Aeroflot Open 2015"]
[Site "Moscú RUS"]
[Date "2015.04.02"]
[Round "7.31"]
[White "Gundavaa, Bayarsaikhan"]
[Black "Abdumalik, Zhansaya"]
[Result "1-0"]
[WhiteElo "2505"]
[BlackElo "2379"]
[PlyCount "115"]
[EventDate "2015.03.27"]
[EventType "swiss"]
[EventRounds "9"]
[EventCountry "RUS"]
[Source "lmi"]
[SourceDate "2015.03.27"]

1. e4 e5 2. Nf3 Nc6 3. Bb5 Nf6 4. d3 Bc5 5. O-O d6 6. h3 O-O 7. Bxc6 bxc6 8.
Nbd2 Re8 9. Re1 h6 10. a3 a5 11. Nc4 Be6 12. b3 Bxc4 13. bxc4 a4 14. Nh4 d5 15.
cxd5 cxd5 16. Qf3 Nxe4 17. dxe4 Qxh4 18. exd5 Qc4 19. Bb2 Bd4 20. Re4 Qxc2 21.
Bxd4 exd4 22. Rxd4 Ra6 23. Rf1 Qb3 24. Rd3 Qb2 25. Qg4 Qb5 26. Rfd1 Rf6 27. Rf3
Rxf3 28. Qxf3 Qc4 29. Rd3 Re5 30. g3 Re1+ 31. Kh2 Re5 32. d6 cxd6 33. Rxd6 Re8
34. Rb6 Rd8 35. Rb4 Qc2 36. Kg2 Re8 37. Rf4 Rf8 38. Qd5 g6 39. Qd7 Qa2 40. Rxa4
Rb8 41. Rb4 Rxb4 42. Qd8+ Kg7 43. axb4 Qc4 44. Qd6 Qe4+ 45. Kh2 Qf5 46. Qd4+
Kg8 47. Qc5 Qf3 48. b5 h5 49. h4 Kg7 50. Kg1 Kf6 51. Qd6+ Kg7 52. Qc6 Qd1+ 53.
Kg2 Qb1 54. b6 Qb3 55. b7 Qb4 56. Qc7 Qe4+ 57. Kh2 Qf3 58. Qb6 1-0

[Event "Aeroflot Open 2015"]
[Site "Moscú RUS"]
[Date "2015.04.02"]
[Round "7.32"]
[White "Kovalevskaya, Ekaterina"]
[Black "Sandipan, Chanda"]
[Result "1/2-1/2"]
[WhiteElo "2438"]
[BlackElo "2569"]
[PlyCount "63"]
[EventDate "2015.03.27"]
[EventType "swiss"]
[EventRounds "9"]
[EventCountry "RUS"]
[Source "lmi"]
[SourceDate "2015.03.27"]

1. e4 e5 2. Nf3 Nc6 3. d4 exd4 4. Nxd4 Nf6 5. Nc3 Bb4 6. Nxc6 bxc6 7. Bd3 O-O
8. O-O d5 9. exd5 cxd5 10. Bg5 c6 11. Qf3 h6 12. Bxf6 Qxf6 13. Qxf6 gxf6 14.
Ne2 Bd6 15. Rad1 Bg4 16. h3 Bxe2 17. Bxe2 Be5 18. b3 d4 19. Rfe1 c5 20. Bc4
Rae8 21. Kf1 Bc7 22. Rxe8 Rxe8 23. Re1 Re5 24. g3 Ba5 25. Re2 Kg7 26. f4 Rxe2
27. Kxe2 f5 28. Bb5 h5 29. Bd7 Kf6 30. Bc8 Bb4 31. Bd7 Ba5 32. Bc8 1/2-1/2

[Event "Aeroflot Open 2015"]
[Site "Moscú RUS"]
[Date "2015.04.02"]
[Round "7.33"]
[White "Can, Emre"]
[Black "Batchuluun, Tsegmed"]
[Result "1/2-1/2"]
[WhiteElo "2555"]
[BlackElo "2499"]
[PlyCount "125"]
[EventDate "2015.03.27"]
[EventType "swiss"]
[EventRounds "9"]
[EventCountry "RUS"]
[Source "lmi"]
[SourceDate "2015.03.27"]

1. c4 e6 2. Nf3 Nf6 3. g3 d5 4. Bg2 dxc4 5. Qa4+ Nbd7 6. Qxc4 a6 7. Qb3 Rb8 8.
O-O b5 9. a4 Bb7 10. axb5 axb5 11. d3 Bd6 12. Nd4 Bxg2 13. Kxg2 Qc8 14. Ra5
Qb7+ 15. Kg1 c6 16. Be3 Bc7 17. Ra1 c5 18. Nf3 O-O 19. Rc1 Bd6 20. Nc3 b4 21.
Nb1 Ra8 22. Rxa8 Rxa8 23. Nbd2 h6 24. Qc4 Nd5 25. Nb3 Nxe3 26. fxe3 Qd5 27.
Nbd2 Qxc4 28. Nxc4 Be7 29. Kf2 Ra2 30. Ke1 f5 31. Kd1 g5 32. Kc2 Bf6 33. Kb3
Ra6 34. Nfd2 g4 35. e4 Kf7 36. Rf1 Kg6 37. Ne3 Bg5 38. Ndc4 Bxe3 39. exf5+ exf5
40. Nxe3 Re6 41. Ng2 Kg5 42. Nf4 Ra6 43. Kc4 Ra2 44. Kd5 Nf6+ 45. Ke6 h5 46. b3
Ra6+ 47. Ke5 Nd7+ 48. Kd5 h4 49. Ne6+ Kf6 50. Nxc5 Nxc5 51. Kxc5 Ra2 52. e4 h3
53. Rxf5+ Kg6 54. Rf4 Kg5 55. e5 Rxh2 56. e6 Re2 57. Kd6 h2 58. Rf1 Rd2 59. e7
Rxd3+ 60. Ke6 Re3+ 61. Kf7 Rf3+ 62. Kg7 Re3 63. Kf7 1/2-1/2

[Event "Aeroflot Open 2015"]
[Site "Moscú RUS"]
[Date "2015.04.02"]
[Round "7.34"]
[White "Korobkov, Piotr"]
[Black "Ankit, R. Rajpara"]
[Result "1/2-1/2"]
[WhiteElo "2423"]
[BlackElo "2477"]
[PlyCount "96"]
[EventDate "2015.03.27"]
[EventType "swiss"]
[EventRounds "9"]
[EventCountry "RUS"]
[Source "lmi"]
[SourceDate "2015.03.27"]

1. d4 d5 2. Bg5 f6 3. Bh4 c5 4. c3 Nc6 5. e3 Nh6 6. Nd2 Nf5 7. Bg3 h5 8. h3
Nxg3 9. fxg3 e5 10. dxe5 Nxe5 11. Ngf3 Bd6 12. Nxe5 Bxe5 13. Qf3 Qb6 14. O-O-O
Be6 15. Bd3 O-O-O 16. Bf5 Kb8 17. Bxe6 Qxe6 18. e4 d4 19. c4 Rh6 20. g4 hxg4
21. hxg4 Rdh8 22. Rh5 g6 23. Rxh6 Rxh6 24. g5 Rh5 25. gxf6 Qxf6 26. Rf1 Qxf3
27. Nxf3 Bf4+ 28. Kc2 g5 29. b4 b6 30. Kd3 Kc7 31. e5 Kd7 32. Ke4 Ke6 33. g4
Rh3 34. a4 d3 35. Kxd3 Rg3 36. bxc5 bxc5 37. a5 Rxg4 38. Rh1 Kf5 39. Rh7 Rg3
40. Ke2 Ke4 41. Nd2+ Kxe5 42. Nf3+ Kf5 43. Rxa7 Kg4 44. Nh2+ Kh3 45. Nf3 Rg2+
46. Kd3 g4 47. Ne1 Ra2 48. a6 Kg3 1/2-1/2

[Event "Aeroflot Open 2015"]
[Site "Moscú RUS"]
[Date "2015.04.03"]
[Round "8.3"]
[White "Lu, Shanglei"]
[Black "Van Foreest, Jorden"]
[Result "1-0"]
[WhiteElo "2570"]
[BlackElo "2493"]
[PlyCount "101"]
[EventDate "2015.03.27"]
[EventType "swiss"]
[EventRounds "9"]
[EventCountry "RUS"]
[Source "lmi"]
[SourceDate "2015.03.27"]

1. e4 c5 2. Nf3 e6 3. d4 cxd4 4. Nxd4 Nc6 5. Nc3 Qc7 6. g3 a6 7. Bg2 Nf6 8. O-O
h5 9. Re1 Nxd4 10. Qxd4 Bc5 11. Bf4 d6 12. Qd2 Ng4 13. Re2 e5 14. Nd5 Qd8 15.
Bg5 f6 16. Be3 Nxe3 17. Nxe3 Be6 18. Nf5 Qc7 19. b4 Bb6 20. Qxd6 Qxd6 21. Nxd6+
Ke7 22. Nf5+ Kf7 23. c4 Rhd8 24. c5 Bc7 25. Rc2 g6 26. Ne3 Rd4 27. Nd5 Bd8 28.
a3 Bd7 29. Rb1 Bb5 30. Rc3 a5 31. bxa5 Rxa5 32. Rcb3 Bc6 33. Rxb7+ Bxb7 34.
Rxb7+ Ke8 35. c6 Rd1+ 36. Bf1 Rc5 37. c7 Rdxd5 38. c8=Q Rxc8 39. exd5 Be7 40.
a4 Rc2 41. Bd3 Rd2 42. Bxg6+ Kd8 43. Rb5 Ra2 44. a5 Kd7 45. Bxh5 Bd8 46. Rb7+
Kd6 47. Ra7 Bxa5 48. Bf7 e4 49. Ra6+ Ke7 50. Bg6 e3 51. fxe3 1-0

[Event "Aeroflot Open 2015"]
[Site "Moscú RUS"]
[Date "2015.04.03"]
[Round "8.5"]
[White "Salem, A.R. Saleh"]
[Black "Petrosian, Tigran L"]
[Result "1-0"]
[WhiteElo "2603"]
[BlackElo "2671"]
[PlyCount "71"]
[EventDate "2015.03.27"]
[EventType "swiss"]
[EventRounds "9"]
[EventCountry "RUS"]
[Source "lmi"]
[SourceDate "2015.03.27"]

1. e4 d6 2. d4 Nf6 3. Nc3 g6 4. f4 Bg7 5. Nf3 O-O 6. e5 dxe5 7. fxe5 Nd5 8. Bc4
Be6 9. Nxd5 Bxd5 10. Bxd5 Qxd5 11. Qe2 Nc6 12. c4 Qa5+ 13. Bd2 Qb6 14. Bc3 e6
15. O-O-O Qa6 16. Kb1 Rab8 17. h4 b5 18. c5 Qc8 19. h5 Qd8 20. b3 a5 21. Rh3 b4
22. Bb2 a4 23. Rdh1 a3 24. hxg6 axb2 25. Qe4 Qd5 26. gxf7+ Rxf7 27. Qxh7+ Kf8
28. Qg6 Ke7 29. Ng5 Rbf8 30. Nxf7 Nxd4 31. Nd6 Bxe5 32. Rh7+ Kd8 33. Qg5+ Bf6
34. Qh6 Be7 35. Rxe7 Rf2 36. Qh8+ 1-0

[Event "Aeroflot Open 2015"]
[Site "Moscú RUS"]
[Date "2015.04.03"]
[Round "8.7"]
[White "Zvjaginsev, Vadim"]
[Black "Khairullin, Ildar"]
[Result "1/2-1/2"]
[WhiteElo "2658"]
[BlackElo "2630"]
[PlyCount "25"]
[EventDate "2015.03.27"]
[EventType "swiss"]
[EventRounds "9"]
[EventCountry "RUS"]
[Source "lmi"]
[SourceDate "2015.03.27"]

1. d4 Nf6 2. c4 e6 3. Nf3 b6 4. a3 Bb7 5. Nc3 d5 6. Bg5 Be7 7. Rc1 O-O 8. cxd5
Nxd5 9. Bxe7 Qxe7 10. Nxd5 Bxd5 11. e3 Rc8 12. Be2 Bb7 13. O-O 1/2-1/2

[Event "Aeroflot Open 2015"]
[Site "Moscú RUS"]
[Date "2015.04.03"]
[Round "8.10"]
[White "Gabuzyan, Hovhannes"]
[Black "Fedoseev, Vladimir"]
[Result "1/2-1/2"]
[WhiteElo "2553"]
[BlackElo "2674"]
[PlyCount "138"]
[EventDate "2015.03.27"]
[EventType "swiss"]
[EventRounds "9"]
[EventCountry "RUS"]
[Source "lmi"]
[SourceDate "2015.03.27"]

1. c4 Nf6 2. g3 c6 3. Nf3 d5 4. Bg2 g6 5. b3 Bg7 6. Bb2 O-O 7. O-O Bg4 8. d3
Bxf3 9. Bxf3 e6 10. Nd2 Nbd7 11. a3 a6 12. b4 Rc8 13. Qb3 h5 14. Rad1 Qe7 15.
e4 Rfd8 16. Rfe1 dxe4 17. dxe4 c5 18. e5 Ng4 19. Bxg4 hxg4 20. b5 axb5 21. cxb5
Nb6 22. Nc4 Nxc4 23. Qxc4 Qg5 24. Rxd8+ Qxd8 25. a4 Qd5 26. Qxg4 Qb3 27. Bc1
Rd8 28. h4 Rd4 29. Qg5 Qxa4 30. Bf4 Qxb5 31. h5 gxh5 32. Ra1 Qe2 33. Qe7 Rd1+
34. Rxd1 Qxd1+ 35. Kh2 Qd4 36. Qe8+ Kh7 37. Qxf7 Qxf2+ 38. Kh3 Qf3 39. Kh2 Qe2+
40. Kg1 Qd1+ 41. Kh2 Qc2+ 42. Kg1 Qf5 43. Qxb7 Kg6 44. Qb8 c4 45. Qe8+ Kh7 46.
Qc6 Bxe5 47. Qxc4 Bxf4 48. gxf4 Kg6 49. Kh2 h4 50. Qf1 Qg4 51. Qd3+ Kg7 52.
Qd4+ Kh7 53. Qe4+ Kh6 54. Qe3 Kg6 55. Qd3+ Kf7 56. Qd7+ Kg8 57. Qd8+ Kh7 58.
Qd3+ Qg6 59. Qe3 Qf5 60. Qf2 Qg4 61. Qc2+ Kh6 62. Qf2 Kg6 63. Qc2+ Qf5 64. Qg2+
Kf6 65. Qb2+ Ke7 66. Qf2 Qg4 67. Qc5+ Kf6 68. Qd4+ Kf7 69. Qd7+ Kg6 1/2-1/2

[Event "Aeroflot Open 2015"]
[Site "Moscú RUS"]
[Date "2015.04.03"]
[Round "8.11"]
[White "Grachev, Boris"]
[Black "Svetushkin, Dmitry"]
[Result "1-0"]
[WhiteElo "2673"]
[BlackElo "2592"]
[PlyCount "45"]
[EventDate "2015.03.27"]
[EventType "swiss"]
[EventRounds "9"]
[EventCountry "RUS"]
[Source "lmi"]
[SourceDate "2015.03.27"]

1. d4 Nf6 2. Nf3 d5 3. g3 e6 4. Bg2 Be7 5. c4 O-O 6. Nc3 dxc4 7. Ne5 Nc6 8.
Bxc6 bxc6 9. Nxc6 Qe8 10. Nxe7+ Qxe7 11. Qa4 c5 12. dxc5 Qxc5 13. Be3 Qc7 14.
Rd1 Bb7 15. O-O Nd5 16. Nxd5 Bxd5 17. Bd4 c3 18. Bxc3 Qc4 19. Qc2 Qxa2 20. Rd4
Qb3 21. Qd2 Qb7 22. Rb4 Qe7 23. Rg4 1-0

[Event "Aeroflot Open 2015"]
[Site "Moscú RUS"]
[Date "2015.04.03"]
[Round "8.12"]
[White "Sjugirov, Sanan"]
[Black "Potkin, Vladimir"]
[Result "1/2-1/2"]
[WhiteElo "2669"]
[BlackElo "2605"]
[PlyCount "67"]
[EventDate "2015.03.27"]
[EventType "swiss"]
[EventRounds "9"]
[EventCountry "RUS"]
[Source "lmi"]
[SourceDate "2015.03.27"]

1. d4 d5 2. c4 c6 3. Nc3 Nf6 4. e3 e6 5. Nf3 Nbd7 6. Bd3 b6 7. O-O Bb7 8. e4
dxe4 9. Nxe4 Be7 10. Qe2 O-O 11. Nxf6+ Nxf6 12. Bg5 Qc7 13. Rfe1 Rfe8 14. Bc2
Rad8 15. a3 h6 16. Bh4 c5 17. d5 g5 18. Bg3 Bd6 19. Ba4 Re7 20. Bxd6 Qxd6 21.
Rad1 Kf8 22. Bc6 Bc8 23. Qc2 exd5 24. Rxe7 Qxe7 25. cxd5 Bd7 26. Re1 Qd6 27.
Ne5 Bxc6 28. dxc6 Re8 29. Qf5 Qxc6 30. h4 Qd6 31. hxg5 hxg5 32. Qxg5 Ng4 33.
Qxg4 Rxe5 34. Qc8+ 1/2-1/2

[Event "Aeroflot Open 2015"]
[Site "Moscú RUS"]
[Date "2015.04.03"]
[Round "8.13"]
[White "Motylev, Alexander"]
[Black "Khalifman, Alexander"]
[Result "1/2-1/2"]
[WhiteElo "2653"]
[BlackElo "2613"]
[PlyCount "33"]
[EventDate "2015.03.27"]
[EventType "swiss"]
[EventRounds "9"]
[EventCountry "RUS"]
[Source "lmi"]
[SourceDate "2015.03.27"]

1. e4 c5 2. Nf3 e6 3. d4 cxd4 4. Nxd4 Nc6 5. Nc3 Nf6 6. Ndb5 d6 7. Bf4 e5 8.
Bg5 a6 9. Na3 b5 10. Nd5 Be7 11. Bxf6 Bxf6 12. c4 b4 13. Nc2 O-O 14. Be2 a5 15.
O-O Bg5 16. Qd3 Be6 17. Rad1 1/2-1/2

[Event "Aeroflot Open 2015"]
[Site "Moscú RUS"]
[Date "2015.04.03"]
[Round "8.14"]
[White "Jumabayev, Rinat"]
[Black "Kobalia, Mikhail"]
[Result "1-0"]
[WhiteElo "2572"]
[BlackElo "2632"]
[PlyCount "69"]
[EventDate "2015.03.27"]
[EventType "swiss"]
[EventRounds "9"]
[EventCountry "RUS"]
[Source "lmi"]
[SourceDate "2015.03.27"]

1. d4 d5 2. c4 c6 3. Nf3 dxc4 4. g3 Nf6 5. Bg2 g6 6. a4 Bg7 7. Na3 Be6 8. O-O
O-O 9. Ng5 Bd5 10. e4 h6 11. exd5 hxg5 12. dxc6 Nxc6 13. d5 Nb4 14. Nxc4 Nfxd5
15. Bxg5 Qd7 16. Qb3 Nc6 17. Qb5 Ndb4 18. Rad1 Qc7 19. Rd2 Rad8 20. Rfd1 Bd4
21. Ne3 Rd7 22. Nd5 Nxd5 23. Bxd5 Rfd8 24. Rxd4 Nxd4 25. Rxd4 Kg7 26. Bf4 Qb6
27. Qc4 Qf6 28. Rd3 Qxb2 29. Kg2 f6 30. Bg8 e5 31. Rxd7+ Rxd7 32. Be3 Qb1 33.
Be6 Re7 34. Bd5 b6 35. Qc8 1-0

[Event "Aeroflot Open 2015"]
[Site "Moscú RUS"]
[Date "2015.04.03"]
[Round "8.15"]
[White "Wagner, Dennis"]
[Black "Sethuraman, S.P."]
[Result "0-1"]
[WhiteElo "2549"]
[BlackElo "2623"]
[PlyCount "80"]
[EventDate "2015.03.27"]
[EventType "swiss"]
[EventRounds "9"]
[EventCountry "RUS"]
[Source "lmi"]
[SourceDate "2015.03.27"]

1. d4 d5 2. c4 e6 3. Nf3 Nf6 4. Nc3 Nbd7 5. Bf4 dxc4 6. e3 Nd5 7. Bxc4 Nxf4 8.
exf4 Nb6 9. Bb3 Bd6 10. Qd2 Bd7 11. Ne5 a5 12. a3 a4 13. Bc2 Bxe5 14. fxe5 Bc6
15. O-O Nc4 16. Qf4 Nxb2 17. Rfe1 Qd7 18. d5 exd5 19. e6 fxe6 20. Qb4 d4 21.
Bf5 Nd3 22. Bxd3 dxc3 23. Bf5 Bd5 24. Rad1 Ra6 25. Qc5 Rd6 26. Qxc3 O-O 27.
Rxd5 Rxf5 28. Rxf5 exf5 29. Qc4+ Rd5 30. h4 b5 31. Qe2 h6 32. h5 c5 33. Qf3 b4
34. axb4 cxb4 35. Re2 b3 36. Qg3 Rd1+ 37. Kh2 Qd6 38. f4 Rf1 39. Re8+ Kh7 40.
Re5 b2 0-1

[Event "Aeroflot Open 2015"]
[Site "Moscú RUS"]
[Date "2015.04.03"]
[Round "8.18"]
[White "Svane, Rasmus"]
[Black "Matlakov, Maxim"]
[Result "0-1"]
[WhiteElo "2509"]
[BlackElo "2693"]
[PlyCount "98"]
[EventDate "2015.03.27"]
[EventType "swiss"]
[EventRounds "9"]
[EventCountry "RUS"]
[Source "lmi"]
[SourceDate "2015.03.27"]

1. Nf3 Nf6 2. c4 e6 3. Nc3 d5 4. d4 c6 5. Bg5 h6 6. Bh4 dxc4 7. e4 g5 8. Bg3 b5
9. e5 Nh5 10. Be2 g4 11. Bh4 Qb6 12. Nd2 Nf4 13. O-O Nd7 14. Nde4 b4 15. Na4
Qxd4 16. Qc2 Be7 17. Rad1 Nd3 18. Nd6+ Bxd6 19. exd6 Bb7 20. Bxd3 cxd3 21. Rxd3
Qe4 22. Rc3 Qxc2 23. Rxc2 Ba6 24. Rd1 Bb5 25. Nc5 Nxc5 26. Rxc5 Kd7 27. Rd4 f5
28. Bf6 Rhb8 29. Be5 a5 30. h3 h5 31. h4 Be2 32. Rc2 Ba6 33. Rc5 Rb5 34. Rdc4
Rxc5 35. Rxc5 a4 36. Ra5 Bb7 37. Rc5 a3 38. b3 Ra6 39. Rc4 Ra5 40. Bd4 Kxd6 41.
Rxb4 c5 42. Rxb7 cxd4 43. Rb6+ Kd5 44. b4 Ra4 45. g3 Kc4 46. Rxe6 Rxb4 47. Rc6+
Kd3 48. Ra6 Kc2 49. Rxa3 d3 0-1

[Event "Aeroflot Open 2015"]
[Site "Moscú RUS"]
[Date "2015.04.03"]
[Round "8.19"]
[White "Bluebaum, Matthias"]
[Black "Vidit, Santosh Gujrathi"]
[Result "0-1"]
[WhiteElo "2576"]
[BlackElo "2625"]
[PlyCount "66"]
[EventDate "2015.03.27"]
[EventType "swiss"]
[EventRounds "9"]
[EventCountry "RUS"]
[Source "lmi"]
[SourceDate "2015.03.27"]

1. d4 Nf6 2. c4 g6 3. Nc3 d5 4. cxd5 Nxd5 5. Bd2 Bg7 6. e4 Nb6 7. Be3 O-O 8.
Qd2 e5 9. d5 c6 10. h4 cxd5 11. exd5 h5 12. Bg5 f6 13. Bh6 Bf5 14. f3 Na6 15.
Bxg7 Kxg7 16. Be2 Qd7 17. O-O-O Rac8 18. g4 hxg4 19. fxg4 Bxg4 20. Bxg4 Qxg4
21. Nge2 Nc4 22. Qe1 Nc5 23. Rg1 Qf5 24. Qg3 Ne4 25. Qd3 Ned6 26. Qg3 b5 27. a3
a5 28. Rdf1 Qh5 29. Qd3 Qh6+ 30. Kb1 Nd2+ 31. Ka2 Nxf1 32. Rxf1 Qxh4 33. Rg1
Qc4+ 0-1

[Event "Aeroflot Open 2015"]
[Site "Moscú RUS"]
[Date "2015.04.03"]
[Round "8.20"]
[White "Idani, Pouya"]
[Black "Ponkratov, Pavel"]
[Result "1-0"]
[WhiteElo "2496"]
[BlackElo "2613"]
[PlyCount "111"]
[EventDate "2015.03.27"]
[EventType "swiss"]
[EventRounds "9"]
[EventCountry "RUS"]
[Source "lmi"]
[SourceDate "2015.03.27"]

1. e4 e5 2. Nf3 Nc6 3. Bb5 a6 4. Ba4 Nf6 5. O-O b5 6. Bb3 Bb7 7. d3 Be7 8. Nc3
d6 9. a3 O-O 10. Nd5 Kh8 11. Nxe7 Nxe7 12. Ng5 d5 13. f4 dxe4 14. fxe5 Qd4+ 15.
Kh1 Qxe5 16. d4 Qd6 17. Nxf7+ Rxf7 18. Bxf7 Ned5 19. Bg5 Qd7 20. Bxd5 Nxd5 21.
Qd2 Re8 22. Rae1 h6 23. Bf4 Qg4 24. Be3 Re6 25. Rf8+ Kh7 26. Qf2 Rg6 27. h3 Qe6
28. Qf7 Qxf7 29. Rxf7 Kg8 30. Rf5 Nb6 31. Rc5 Bc6 32. b3 Nd7 33. Rf5 Nb6 34.
Re2 Bd5 35. Bd2 c6 36. Kh2 Kh7 37. Bf4 Nd7 38. Bd2 Nb6 39. Rf8 Nd7 40. Rd8 Nf6
41. Bf4 h5 42. g3 Ng8 43. Rf2 Re6 44. Be3 Ne7 45. g4 hxg4 46. hxg4 a5 47. Rd7
Kg6 48. Ra7 a4 49. bxa4 Nc8 50. Ra6 bxa4 51. Rf5 Nd6 52. Rxd5 cxd5 53. Bf4 e3
54. Rxd6 Rxd6 55. Bxd6 e2 56. Bb4 1-0

[Event "Aeroflot Open 2015"]
[Site "Moscú RUS"]
[Date "2015.04.03"]
[Round "8.21"]
[White "Tabatabaei, M.Amin"]
[Black "Goganov, Aleksey"]
[Result "0-1"]
[WhiteElo "2448"]
[BlackElo "2598"]
[PlyCount "108"]
[EventDate "2015.03.27"]
[EventType "swiss"]
[EventRounds "9"]
[EventCountry "RUS"]
[Source "lmi"]
[SourceDate "2015.03.27"]

1. d4 Nf6 2. Nf3 b6 3. g3 Bb7 4. Bg2 c5 5. dxc5 bxc5 6. c4 g6 7. b3 Bg7 8. Bb2
O-O 9. O-O d6 10. Qc2 Nc6 11. Nc3 Nb4 12. Qd2 a5 13. a3 Nc6 14. Rfd1 Rb8 15.
Nd5 Ne4 16. Qc2 Bxb2 17. Qxb2 e6 18. Nd2 exd5 19. cxd5 Nd4 20. Bxe4 Ba6 21. e3
Nxb3 22. Rab1 f5 23. Bf3 Bd3 24. Nxb3 Bxb1 25. Qc3 Be4 26. Bxe4 fxe4 27. Nxa5
Qf6 28. Qxf6 Rxf6 29. Nc4 Ra8 30. g4 Ra4 31. g5 Rxc4 32. gxf6 Kf7 33. Rb1 Kxf6
34. Rb7 Ra4 35. Rxh7 Ke5 36. Rg7 c4 37. Kf1 Rxa3 38. Ke1 c3 39. Kd1 Ra2 40.
Rxg6 Kxd5 41. Rf6 Rd2+ 42. Kc1 Kc4 43. h4 Kb3 44. Rf8 Ra2 45. Kd1 Ra1+ 46. Ke2
c2 47. Rb8+ Kc3 48. Rc8+ Kb2 49. Rb8+ Kc1 50. h5 Rb1 51. Rc8 Kb2 52. Rb8+ Ka3
53. Ra8+ Kb4 54. Rb8+ Ka5 0-1

[Event "Aeroflot Open 2015"]
[Site "Moscú RUS"]
[Date "2015.04.03"]
[Round "8.23"]
[White "Ernst, Sipke"]
[Black "Kovalenko, Igor"]
[Result "0-1"]
[WhiteElo "2530"]
[BlackElo "2661"]
[PlyCount "140"]
[EventDate "2015.03.27"]
[EventType "swiss"]
[EventRounds "9"]
[EventCountry "RUS"]
[Source "lmi"]
[SourceDate "2015.03.27"]

1. d4 Nf6 2. c4 e6 3. g3 d5 4. Nf3 Bb4+ 5. Bd2 Be7 6. Bg2 O-O 7. O-O c6 8. Qc2
Nbd7 9. Bf4 Nh5 10. Bc1 Nhf6 11. Rd1 b6 12. Bf4 Ba6 13. Ne5 Rc8 14. Nc3 b5 15.
c5 b4 16. Na4 Nxe5 17. Bxe5 Nd7 18. Bf4 Re8 19. a3 b3 20. Qxb3 Bxe2 21. Re1 Bg4
22. Qc3 Nf8 23. b4 g5 24. Bd2 Bf5 25. Nb2 Bf6 26. Nd3 Ng6 27. Ne5 Bg7 28. a4
Nxe5 29. dxe5 f6 30. f4 Rb8 31. Bf1 Be4 32. fxg5 fxg5 33. Qd4 Qc7 34. Bc3 Qf7
35. Be2 Qf5 36. g4 Qg6 37. Rf1 Qh6 38. Qe3 Rxb4 39. Bxb4 Bxe5 40. h3 Rb8 41.
Bd2 Qg7 42. Qxg5 Bd4+ 43. Kh2 Bxa1 44. Rxa1 Qxg5 45. Bxg5 Rb2 46. Re1 Bd3 47.
Bf6 Ra2 48. Kg3 Bxe2 49. Rb1 Ba6 50. Rb8+ Kf7 51. Be5 Re2 52. Bd6 d4 53. Rf8+
Kg7 54. Rf2 Re1 55. h4 h6 56. Bf8+ Kh7 57. Rf7+ Kg8 58. Rf6 Rg1+ 59. Kh3 Rf1
60. Be7 e5 61. Rxh6 e4 62. Rxc6 e3 63. Rxa6 d3 64. Bg5 d2 65. Rd6 d1=Q 66. Rxd1
Rxd1 67. c6 Rc1 68. c7 Rxc7 69. Kg3 e2 70. Bd2 Rf7 0-1